<?xml version="1.0" encoding="UTF-8"?><?xml-stylesheet type="text/xsl" href="static/style.xsl"?><OAI-PMH xmlns="http://www.openarchives.org/OAI/2.0/" xmlns:xsi="http://www.w3.org/2001/XMLSchema-instance" xsi:schemaLocation="http://www.openarchives.org/OAI/2.0/ http://www.openarchives.org/OAI/2.0/OAI-PMH.xsd"><responseDate>2026-04-27T22:10:17Z</responseDate><request verb="GetRecord" identifier="oai:uvadoc.uva.es:10324/64801" metadataPrefix="marc">https://uvadoc.uva.es/oai/request</request><GetRecord><record><header><identifier>oai:uvadoc.uva.es:10324/64801</identifier><datestamp>2024-01-22T20:01:49Z</datestamp><setSpec>com_10324_1191</setSpec><setSpec>com_10324_931</setSpec><setSpec>com_10324_894</setSpec><setSpec>col_10324_1379</setSpec></header><metadata><record xmlns="http://www.loc.gov/MARC21/slim" xmlns:doc="http://www.lyncode.com/xoai" xmlns:xsi="http://www.w3.org/2001/XMLSchema-instance" xmlns:dcterms="http://purl.org/dc/terms/" xsi:schemaLocation="http://www.loc.gov/MARC21/slim http://www.loc.gov/standards/marcxml/schema/MARC21slim.xsd">
<leader>00925njm 22002777a 4500</leader>
<datafield tag="042" ind1=" " ind2=" ">
<subfield code="a">dc</subfield>
</datafield>
<datafield tag="720" ind1=" " ind2=" ">
<subfield code="a">Del Pozo Velázquez, Javier</subfield>
<subfield code="e">author</subfield>
</datafield>
<datafield tag="720" ind1=" " ind2=" ">
<subfield code="a">Chamorro Posada, Pedro</subfield>
<subfield code="e">author</subfield>
</datafield>
<datafield tag="720" ind1=" " ind2=" ">
<subfield code="a">Aguiar Pérez, Javier Manuel</subfield>
<subfield code="e">author</subfield>
</datafield>
<datafield tag="720" ind1=" " ind2=" ">
<subfield code="a">Pérez Juárez, María Ángeles</subfield>
<subfield code="e">author</subfield>
</datafield>
<datafield tag="720" ind1=" " ind2=" ">
<subfield code="a">Casaseca de la Higuera, Juan Pablo</subfield>
<subfield code="e">author</subfield>
</datafield>
<datafield tag="260" ind1=" " ind2=" ">
<subfield code="c">2022</subfield>
</datafield>
<datafield tag="520" ind1=" " ind2=" ">
<subfield code="a">Identification and monitoring of existing surface water bodies on the Earth are important in many scientific disciplines and for different industrial uses. This can be performed with the help of high-resolution satellite images that are processed afterwards using data-driven techniques to obtain the desired information. The objective of this study is to establish and validate a method to distinguish efficiently between water and land zones, i.e., an efficient method for surface water detection. In the context of this work, the method used for processing the high-resolution satellite images to detect surface water is based on image segmentation, using the Quadtree algorithm, and fractal dimension. The method was validated using high-resolution satellite images freely available at the OpenAerialMap website. The results show that, when the fractal dimensions of the tiles in which the image is divided after completing the segmentation phase are calculated, there is a clear threshold where water and land can be distinguished. The proposed scheme is particularly simple and computationally efficient compared with heavy artificial-intelligence-based methods, avoiding having any special requirements regarding the source images. Moreover, the average accuracy obtained in the case study developed for surface water detection was 96.03%, which suggests that the adopted method based on fractal dimension is able to detect surface water with a high level of accuracy.</subfield>
</datafield>
<datafield tag="024" ind2=" " ind1="8">
<subfield code="a">Fractal and Fractional, Noviembre 2022, vol. 6, n. 11. p. 657</subfield>
</datafield>
<datafield tag="024" ind2=" " ind1="8">
<subfield code="a">2504-3110</subfield>
</datafield>
<datafield tag="024" ind2=" " ind1="8">
<subfield code="a">https://uvadoc.uva.es/handle/10324/64801</subfield>
</datafield>
<datafield tag="024" ind2=" " ind1="8">
<subfield code="a">10.3390/fractalfract6110657</subfield>
</datafield>
<datafield tag="024" ind2=" " ind1="8">
<subfield code="a">657</subfield>
</datafield>
<datafield tag="024" ind2=" " ind1="8">
<subfield code="a">11</subfield>
</datafield>
<datafield tag="024" ind2=" " ind1="8">
<subfield code="a">Fractal and Fractional</subfield>
</datafield>
<datafield tag="024" ind2=" " ind1="8">
<subfield code="a">6</subfield>
</datafield>
<datafield tag="024" ind2=" " ind1="8">
<subfield code="a">2504-3110</subfield>
</datafield>
<datafield tag="245" ind1="0" ind2="0">
<subfield code="a">Water detection in satellite images based on fractal dimension</subfield>
</datafield>
</record></metadata></record></GetRecord></OAI-PMH>